Loading...
| Science - Physics | 0 | 5 | 0 | 0 | 50 | 25 | 34.20 | 2 | 5 | 31.04 | 40.23 |
| Science - Other | 0 | 5 | 1 | 0 | 45 | 11 | 21.40 | 4 | 5 | 37.44 | 42.29 |
| Mythology | 0 | 3 | 0 | 0 | 30 | 62 | 69.33 | 0 | 0 | 9.47 | 11.82 |
| Popular Culture | 0 | 3 | 0 | 0 | 30 | 23 | 60.33 | 1 | 2 | 19.62 | 28.10 |
| Social Science | 0 | 3 | 1 | 0 | 25 | 36 | 55.33 | 0 | 2 | 18.24 | 28.54 |
| Philosophy | 0 | 2 | 0 | 0 | 20 | 16 | 45.00 | 1 | 1 | 14.49 | 18.75 |
| Literature - American | 0 | 2 | 0 | 0 | 20 | 44 | 45.50 | 0 | 2 | 11.02 | 15.77 |
| Literature - European | 0 | 2 | 0 | 0 | 20 | 37 | 69.00 | 0 | 1 | 8.00 | 10.81 |
| Fine Arts - Other | 0 | 2 | 0 | 0 | 20 | 76 | 84.50 | 0 | 1 | 4.96 | 11.36 |
| Science - Chemistry | 0 | 2 | 0 | 0 | 20 | 46 | 50.50 | 1 | 1 | 9.48 | 13.64 |
| Fine Arts - Painting and Sculpture | 0 | 1 | 0 | 0 | 10 | 118 | 118.00 | 0 | 0 | 0.00 | 1.65 |
| Literature - British | 0 | 1 | 0 | 0 | 10 | 23 | 23.00 | 1 | 1 | 7.21 | 9.09 |
| History - Other | 0 | 1 | 0 | 0 | 10 | 86 | 86.00 | 0 | 0 | 2.29 | 2.48 |
| Religion | 0 | 1 | 0 | 0 | 10 | 13 | 13.00 | 1 | 1 | 8.23 | 9.09 |
| Science - Biology | 0 | 0 | 1 | 0 | -5 | 0.00 | 0 | 0 | 0.00 | 0.00 |